00748nam a2200217 a 4500001001000000003000900010005001700019007000300036008004100039020001800080040002500098082001500123100004500138110004500183245005400228246004300282260006800325300003300393651005600426651004800482000007101DO-SdBNP20240305073655.0ta090904s2018 dr 000 0 spa d a9789945445220 aDO-SdBNPbspacBNPHU axxxbA168s1 aRodríguez Demorizi, Emilio,d1908-1986 4Academia Militar Batalla de las Carreras10aSesenta y dos aniversario :borigen y evolución a62 aniversario :borigen y evolución aSanto Domingo:bAcademia Militar Batalla de las Carreras,c2018 a260 p. :c30 cm.bil., fotos 4aRepública DominicanaxHistoria Military1844-1861 4aRepública DominicanaxHistoriay1844-1861